000 01109cam a22002894a 4500
999 _c48189
_d48189
001 11801964
003 Nust
005 20170111161433.0
008 991004s2000 dcu b 001 0 eng
010 _a 99050470
020 _a0815764405 (cloth : alk. paper)
020 _a0815764391 (paper : alk. paper)
040 _aDLC
_cDLC
042 _apcc
043 _an-us---
050 0 0 _aUA23
_b.O39 2000
082 0 0 _a355.033573
_bHAN
100 1 _aO'Hanlon, Michael E.
245 1 0 _aTechnological change and the future of warfare /
_cMichael O'Hanlon.
260 _aWashington, D.C. :
_bBrookings Institution Press,
_c2000.
300 _ax, 208 p. ; 24 cm.
504 _aIncludes bibliographical references and index.
650 0 _aMilitary art and science
_xTechnological innovations.
650 0 _aWar
_xForecasting.
651 0 _aUnited States
_xMilitary policy.
906 _a7
_bcbc
_corignew
_d1
_eecip
_f19
_gy-gencatlg
942 _2ddc
_cBK